000 00759cam a2200217 a 4500
001 12801467
003 OSt
005 20140407153606.0
008 020604s2000 ag b 001 0 spa d
020 _a950-727-269-0
040 _cBMC
082 _a346.016682
100 1 _aMéndez Costa, María Josefa
_96832
245 1 0 _aVisión jurisprudencial de los alimentos
_cMaría Josefa Méndez Costa ; las síntesis jurisprudenciales han sido redactadas por María Magdalena Galli Fiant
260 _aBuenos Aires
_bRubinzal-Culzoni
_c2000
300 _a384 p.
_c22 cm
490 _aJurisprudencia temática : comentarios críticos
650 2 4 _aPensión alimenticia
_zArgentina
_916675
700 1 _916743
_aGalli Fiant, María Magdalena‏
942 _2ddc
_cBK
999 _c8848
_d8848